Catalog

Record Details

Catalog Search



Origins How the Planets, Stars, Galaxies, and the Universe Began  Cover Image E-book E-book

Origins [electronic resource] : How the Planets, Stars, Galaxies, and the Universe Began / by Stephen Eales.

Eales, Stephen. (author.). SpringerLink (Online service) (Added Author).

Record details

  • ISBN: 9781846287008
  • Physical Description: XI, 284 p. online resource.
  • Publisher: London : Springer London, 2007.
Subject: Science (General).
Astronomy.
Popular Science.
Astronomy.
Popular Science in Astronomy.

Electronic resources


LDR 01419nam a22003975i 4500
00122754
003CONS
00520131217135515.0
007cr nn 008mamaa
008100301s2007 xxk| s |||| 0|eng d
020 . ‡a9781846287008 ‡9978-1-84628-700-8
0247 . ‡a10.1007/978-1-84628-700-8 ‡2doi
035 . ‡a(DE-He213)978-1-84628-700-8
050 4. ‡aQB4
072 7. ‡aPG ‡2bicssc
072 7. ‡aSCI004000 ‡2bisacsh
072 7. ‡aNAT033000 ‡2bisacsh
1001 . ‡aEales, Stephen. ‡eauthor.
24510. ‡aOrigins ‡h[electronic resource] : ‡bHow the Planets, Stars, Galaxies, and the Universe Began / ‡cby Stephen Eales.
264 1. ‡aLondon : ‡bSpringer London, ‡c2007.
300 . ‡aXI, 284 p. ‡bonline resource.
336 . ‡atext ‡btxt ‡2rdacontent
337 . ‡acomputer ‡bc ‡2rdamedia
338 . ‡aonline resource ‡bcr ‡2rdacarrier
347 . ‡atext file ‡bPDF ‡2rda
4901 . ‡aAstronomers’ Universe Series, ‡x1614-659X
650 0. ‡aScience (General).
650 0. ‡aAstronomy.
65014. ‡aPopular Science.
65024. ‡aAstronomy.
65024. ‡aPopular Science in Astronomy.
7102 . ‡aSpringerLink (Online service)
7730 . ‡tSpringer eBooks
77608. ‡iPrinted edition: ‡z9781846284014
830 0. ‡aAstronomers’ Universe Series, ‡x1614-659X
85640. ‡uhttp://biblioteca.ipicyt.edu.mx:2048/login?url=http://dx.doi.org/10.1007/978-1-84628-700-8 ‡yTexto completo ‡9CONS
950 . ‡aPhysics and Astronomy (Springer-11651)
901 . ‡a22754 ‡b ‡c22754 ‡tbiblio ‡sSystem Local

Additional Resources